| 000 | 00915nam a22002657a 4500 | ||
|---|---|---|---|
| 005 | 20090824144143.0 | ||
| 008 | 080711t xxu||||| |||| 00| 0 eng d | ||
| 010 | _aB-355865 | ||
| 020 |
_a9780070158689 _c275.00 |
||
| 020 |
_a0070158681 _c275.00 |
||
| 035 | _aB-355865 | ||
| 037 | _bDBAD / PUB | ||
| 040 |
_adpl _bEnglish |
||
| 082 | _a574 | ||
| 100 | _aVinay kumar | ||
| 245 |
_aQuestion bank in biology : _cby Vinay Kumar _bfor class XI / |
||
| 250 | _b4th ed | ||
| 260 |
_aNew Delhi _bTata McGraw-Hill Publishing _c2009 |
||
| 270 |
_a7 West Patel Nagar _bNew Delhi _e110008 |
||
| 300 |
_axii, 605p. : _c24cm(pbk) _bill. |
||
| 490 | _aTata Mcgraw-Hill's question bank series | ||
| 650 | _aBiology | ||
| 942 |
_2ddc _cEN _h574 _mVIN |
||
| 999 |
_c29519 _d29519 |
||